Statistics for Homestuck

Click here to take the quiz!

General Stats

  • This quiz has been taken 67 times
  • The average score is 10 of 11

Answer Stats

Hint Answer % Correct
Creator of HomestuckAndrew Hussie
100%
Blindterezi
100%
Short with Stubby hornsKarkat
100%
Troll in a wheelchairTavros
98%
Does the Windy thingJohn Egbert
93%
gamzees favorite drinkFaygo
93%
crazy clowngamzee
93%
living puppetlil cal
89%
he is the beesollux
89%
What is the website called for Homestuck?MS Paint Adventures
82%
scratches recordsdave strider
80%

Score Distribution

Percentile by Number Answered

Percent of People with Each Score

Your Score History

You have not taken this quiz